Arqueologia, història i art de l'església de Sant Valentí de les Cabanyes / Albert López Mullor ... [et al.]
Publicado:
[Barcelona] :
Ajuntament de Les Cabanyes : Institut d'Estudis Penedesencs ; amb el patrocini de la Diputació de Barcelona ,
1992
Descripción Física:
134 p. : il. ; 21 cm
Otros Autores:
López Mullor, Albert, 1952-2017
MARC
| LEADER | 00000nam a2200000Ia 4500 | ||
|---|---|---|---|
| 001 | 12591 | ||
| 008 | 160829s1992 xx 000 0 cat d | ||
| 080 | |a H-1-158 | ||
| 245 | |a Arqueologia, història i art de l'església de Sant Valentí de les Cabanyes / Albert López Mullor ... [et al.] | ||
| 260 | |a [Barcelona] : |b Ajuntament de Les Cabanyes : |b Institut d'Estudis Penedesencs ; amb el patrocini de la Diputació de Barcelona, |c 1992 | ||
| 300 | |a 134 p. : |b il. ; |c 21 cm | ||
| 490 | |a Institut d'Estudis Penedesencs ; 72. Estudis i documents de Les Cabanyes ; 1 | ||
| 650 | |a Església de Sant Valentí de les Cabanyes |9 25069 | ||
| 650 | |a Cabanyes (Catalunya) |x Arqueologia |9 25070 | ||
| 700 | |a López Mullor, Albert, |d 1952-2017 |9 25071 | ||
| 710 | 1 | |a Barcelona (Catalunya : Província). |b Diputació |9 52408 | |
| 710 | 1 | |a Cabanyes, Les (Catalunya). |b Ajuntament |9 51599 | |
| 710 | 2 | |a Institut d'Estudis Penedesencs |9 56555 | |
| 901 | |a Arxiu | ||
| 942 | |n 1 | ||
| 952 | |0 0 |1 0 |4 0 |6 H1158 |7 1 |9 43434 |a Arxiu |b Arxiu |d 2016-12-01 |l 0 |o H-1-158 |p 12591 |r 2016-12-01 00:00:00 |w 2016-12-01 |y ARXIU | ||
| 999 | |c 45980 |d 45980 | ||